Liečba šokom

Bibliographic Details
Main Author: Kopčák, Bohdan (Author)
Format: Article
Language:Slovak
PhysicalDescription:Fot. 1.
Subjects:

MARC

LEADER 00000nab a2200000 a 4500
001 vtls000394072
003 SK-MaSNL
005 20260302232244.0
008 140416c1990 xo 0 slo
015 |a SNBRB19rr/mm-uuuuu 
035 |a CL0394196 
040 |a SNKBUCL  |b slo  |c SNKBUCL  |e AACR2 
041 0 |a slo 
044 |a xo  |c SK 
080 |a 792.091.4:378  |2 1981 
080 |a 378  |2 1981 
100 1 |a Kopčák, Bohdan  |4 aut  |9 952428 
245 1 0 |a Liečba šokom  |c Bohdan Kopčák 
300 |b Fot. 1. 
650 0 7 |a Akademický Prešov 1990 (súťaž um. tvorivosti vysokoškolákov)  |2 snkbucl  |9 951612 
655 7 |a články z novín a časopisov  |2 snkbucl  |9 267496 
773 0 |t Javisko  |g Roč. 22, č. 8 (1990), s. 498-499 
850 |a Slovenská národná knižnica v Martine  |a MTA001 
852 |a SNK  |b KIS3GCP 
958 |a RK 
992 |a RBX 
999 |c 1542065  |d 1543995